书目信息 |
| 题名: |
中国二胡考级曲集
|
|
| 作者: | 王永德 主编 | |
| 分册: | ||
| 出版信息: | 上海 上海音乐出版社 2000 |
|
| 页数: | 309页 | |
| 开本: | 26cm | |
| 丛书名: | ||
| 单 册: | ||
| 中图分类: | J648.21 | |
| 科图分类: | ||
| 主题词: | 二胡-器乐曲--中国--选集 , 器乐曲-二胡--中国--选集 | |
| 电子资源: | ||
| ISBN: | 7-80553-506-X | |
| 000 | 00664nam0 2200229 45 | |
| 001 | 0195027337 | |
| 005 | 20070705081235.16 | |
| 010 | @a7-80553-506-X@dCNY28.00 | |
| 100 | @a19950525d2000 y0chiy0121 ea | |
| 101 | 0 | @achi |
| 102 | @aCN@b310000 | |
| 105 | @ag z 000yy | |
| 200 | 10 | @a中国二胡考级曲集@AZHONG GUO ER HU KAO JI QU JI@f王永德主编@FWANG YONG DE ZHU BIAN |
| 205 | @a2版@b修订版 | |
| 210 | @a上海@c上海音乐出版社@d2000 | |
| 215 | @a309页@d26cm | |
| 606 | @a二胡-器乐曲@y中国@x选集 | |
| 606 | @a器乐曲-二胡@y中国@x选集 | |
| 690 | @aJ648.21@v4 | |
| 701 | 0 | @a王永德@AWANG YONG DE@4主编 |
| 801 | 0 | @aCN@bTSSF@c20070705 |
| 905 | @a10447@dJ648.21@e114=2 | |
| 中国二胡考级曲集/王永德主编.-2版,修订版.-上海:上海音乐出版社,2000 |
| 309页;26cm |
| ISBN 7-80553-506-X:CNY28.00 |
| ● |
| 相关链接 |
|
|
|
|
正题名:中国二胡考级曲集
索取号:J648.21/114=2
 
预约/预借
| 序号 | 登录号 | 条形码 | 馆藏地/架位号 | 状态 | 备注 |
| 1 | 0762797 | 207627978 | 第一样本阅览室/ [索取号:J648.21/114=2] | 在馆 | |
| 2 | 0762798 | 207627987 | 密集书库/ [索取号:J648.21/114=2] | 在馆 |